Open d'Australie : Palmarès Hommes - Statistiques

Statistiques générales
  • Ce quiz a été pris 330 fois
    204 depuis la dernière actualisation
  • Le résultat moyen est 35 sur 52
Statistiques - réponses
Année Hommes % Correct
2020 Novak Djokovic
100%
2019 Novak Djokovic
100%
2016 Novak Djokovic
100%
2015 Novak Djokovic
100%
2013 Novak Djokovic
100%
2012 Novak Djokovic
100%
2011 Novak Djokovic
100%
2008 Novak Djokovic
100%
2009 Rafael Nadal
100%
2018 Roger Federer
100%
2017 Roger Federer
100%
2010 Roger Federer
100%
2007 Roger Federer
100%
2006 Roger Federer
100%
2004 Roger Federer
100%
1997 Pete Sampras
88%
1994 Pete Sampras
88%
2003 Andre Agassi
86%
2001 Andre Agassi
86%
2000 Andre Agassi
86%
1995 Andre Agassi
86%
2014 Stanislas Wawrinka
86%
1990 Ivan Lendl
74%
1989 Ivan Lendl
74%
1996 Boris Becker
68%
1991 Boris Becker
68%
1969 Rod Laver
66%
1988 Mats Wilander
63%
1985 Mats Wilander
63%
1984 Mats Wilander
63%
1987 Stefan Edberg
63%
1986 Stefan Edberg
63%
1974 Jimmy Connors
62%
2005 Marat Safin
61%
1970 Arthur Ashe
54%
1993 Jim Courier
53%
1992 Jim Courier
53%
1975 John Newcombe
47%
1973 John Newcombe
47%
1980 Guillermo Vilas
38%
1979 Guillermo Vilas
38%
1999 Ievgueni Kafelnikov
38%
1972 Ken Rosewall
33%
1971 Ken Rosewall
33%
2002 Thomas Johansson
31%
1998 Petr Korda
27%
1978 Vitas Gerulaitis
25%
1983 Johan Kriek
20%
1982 Johan Kriek
20%
1977 Roscoe Tanner
20%
1981 Brian Teacher
17%
1976 Mark Edmondson
16%
Aucun quiz correspondant
Distribution des résultats
% des personnes avec chaque résultat
Percentile par nombre de réponses
Votre historique - résultats
Vous n’avez pas pris ce quiz depuis la dernière actualisation